International Journal of Public Health

Guardado en:
Detalles Bibliográficos
Formato: Seriadas
Lenguaje:inglés
Publicado: Basel Springer Nature
Etiquetas: Agregar Etiqueta
Sin Etiquetas, Sea el primero en etiquetar este registro!

MARC

LEADER 00000nas1a2200000 4500
001 0260541
005 20250701092108.0
022 |a 1661-8564 
022 |a 1661-8556 
041 0 |a eng 
044 |a CH 
245 1 0 |a International Journal of Public Health 
264 1 |a Basel  |b Springer Nature